Movies Quiz

Random Movies or Disney Quiz

Disney Princesses by Year Quiz Stats

 Plays Quiz not verified by Sporcle

Challenge
Share
Tweet
Embed
Score 0/9 Timer 03:00
0 Plays Today
% Correct
Snow White
99.4%
Cinderella
93.3%
Sleeping Beauty
89.6%
Ariel
84.1%
Belle
81.6%
Jasmine
81.6%
Tiana
77.7%
Mulan
77.2%
Pocahontas
70.8%

You're not logged in!

Compare scores with friends on all Sporcle quizzes.
Join for Free
OR
Log In

You Might Also Like...

Show Comments

Extras

Created Mar 17, 2011ReportNominate
Tags:Disney Quiz, princess

Top Quizzes Today


Score Distribution

Your Account Isn't Verified!

In order to create a playlist on Sporcle, you need to verify the email address you used during registration. Go to your Sporcle Settings to finish the process.

Report this User

Report this user for behavior that violates our Community Guidelines.

Details: